<?xml version="1.0" encoding="UTF-8"?><?xml-stylesheet type="text/xsl" href="static/style.xsl"?><OAI-PMH xmlns="http://www.openarchives.org/OAI/2.0/" xmlns:xsi="http://www.w3.org/2001/XMLSchema-instance" xsi:schemaLocation="http://www.openarchives.org/OAI/2.0/ http://www.openarchives.org/OAI/2.0/OAI-PMH.xsd"><responseDate>2026-06-02T17:21:57Z</responseDate><request verb="GetRecord" identifier="oai:riuma.uma.es:10630/39844" metadataPrefix="marc">https://riuma.uma.es/rest/oai/request</request><GetRecord><record><header><identifier>oai:riuma.uma.es:10630/39844</identifier><datestamp>2026-02-03T10:53:24Z</datestamp><setSpec>com_10630_2254</setSpec><setSpec>col_10630_37953</setSpec></header><metadata><record xmlns="http://www.loc.gov/MARC21/slim" xmlns:dcterms="http://purl.org/dc/terms/" xmlns:doc="http://www.lyncode.com/xoai" xmlns:xsi="http://www.w3.org/2001/XMLSchema-instance" xsi:schemaLocation="http://www.loc.gov/MARC21/slim http://www.loc.gov/standards/marcxml/schema/MARC21slim.xsd">
   <leader>00925njm 22002777a 4500</leader>
   <datafield ind2=" " ind1=" " tag="042">
      <subfield code="a">dc</subfield>
   </datafield>
   <datafield ind2=" " ind1=" " tag="720">
      <subfield code="a">Martínez-Murillo, Juan Francisco</subfield>
      <subfield code="e">author</subfield>
   </datafield>
   <datafield ind2=" " ind1=" " tag="720">
      <subfield code="a">Menjíbar-Romero, Mario</subfield>
      <subfield code="e">author</subfield>
   </datafield>
   <datafield ind2=" " ind1=" " tag="720">
      <subfield code="a">Remond, Ricardo</subfield>
      <subfield code="e">author</subfield>
   </datafield>
   <datafield ind2=" " ind1=" " tag="260">
      <subfield code="c">2025-11</subfield>
   </datafield>
   <datafield ind2=" " ind1=" " tag="520">
      <subfield code="a">UNESCO Global Geoparks are unified geographical areas that manage sites and landscapes of international geological significance through an integrated approach encompassing conservation, education, and sustainable development, with active involvement of local communities. The Sierras Subbéticas Geopark is among the 213 UNESCO Global Geoparks, recognized for its outstanding ammonite fossil deposits and distinctive geomorphological landscapes, particularly those associated with karst landforms. Given their undeniable aesthetic value for both visitors and local residents, assessing the visual fragility of the landscapes in which these features are embedded is crucial for effective management, especially in the face of sudden territorial changes (e.g., forest fires or land-use transformations). To address this, the study applied a multi-step methodology: i) mapping and inventory of geomorphological landscapes; ii) selection of geodiversity sites associated with landforms; iii) spatial analysis of the visual fragility of geomorphological landscapes and selected geodiversity sites based on observation points along road and trail networks; and iv) simulation of the impact of a sudden landscape change (e.g., forest fire). The results revealed: i) the presence of six geomorphological domains within the Geopark, primarily shaped by exokarstic and fluvial processes, with structural geology playing a significant role in the southern sector; and ii) several geodiversity sites exhibited high vulnerability to abrupt landscape alterations, particularly those located at higher elevations, on steep slopes, or in highly visible locations. Overall, the study offers valuable insights for land managers to design and implement mitigation strategies aimed at preserving the visual and geological integrity of geodiversity sites under the pressures of global change.</subfield>
   </datafield>
   <datafield ind1="8" ind2=" " tag="024">
      <subfield code="a">Martínez-Murillo, J. F., Menjíbar-Romero, M., &amp; Remond, R. (2025). Assessment of the visual fragility of geomorphological landscapes and geodiversity sites in the Sierras Subbéticas UNESCO Global Geopark (southern Spain). Geomorphology, 109971.</subfield>
   </datafield>
   <datafield ind1="8" ind2=" " tag="024">
      <subfield code="a">https://hdl.handle.net/10630/39844</subfield>
   </datafield>
   <datafield ind1="8" ind2=" " tag="024">
      <subfield code="a">10.1016/j.geomorph.2025.109971</subfield>
   </datafield>
   <datafield tag="653" ind2=" " ind1=" ">
      <subfield code="a">Geografía física</subfield>
   </datafield>
   <datafield tag="653" ind2=" " ind1=" ">
      <subfield code="a">Geomorfología</subfield>
   </datafield>
   <datafield tag="653" ind2=" " ind1=" ">
      <subfield code="a">Parque Natural Sierras Subbéticas (Córdoba)</subfield>
   </datafield>
   <datafield tag="653" ind2=" " ind1=" ">
      <subfield code="a">Paisaje</subfield>
   </datafield>
   <datafield tag="653" ind2=" " ind1=" ">
      <subfield code="a">Recursos naturales - Conservación</subfield>
   </datafield>
   <datafield tag="653" ind2=" " ind1=" ">
      <subfield code="a">Política ambiental</subfield>
   </datafield>
   <datafield tag="653" ind2=" " ind1=" ">
      <subfield code="a">UNESCO</subfield>
   </datafield>
   <datafield ind2="0" ind1="0" tag="245">
      <subfield code="a">Assessment of the visual fragility of geomorphological landscapes and geodiversity sites in the Sierras Subbéticas UNESCO Global Geopark (southern Spain)</subfield>
   </datafield>
</record>
</metadata></record></GetRecord></OAI-PMH>